LEADER 01547oam 2200421Ia 450 001 9910699292803321 005 20230902161640.0 035 $a(CKB)5470000002400974 035 $a(OCoLC)469784519 035 $a(EXLCZ)995470000002400974 100 $a20091125d2001 ua 0 101 0 $aeng 135 $auran||||||||| 181 $ctxt$2rdacontent 182 $cc$2rdamedia 183 $acr$2rdacarrier 200 00$aGuidance for industry$b[electronic resource] $eproviding regulatory submissions in electronic format, prescription drug advertising and promotional labeling 210 1$aRockville, MD :$cU.S. Dept. of Health and Human Services, Food and Drug Administration, Center for Drug Evaluation :$cCenter for Biologics Evaluation and Research,$d[2001] 215 $a1 online resource (5 pages) 300 $a"Draft guidance." 300 $a"IT." 300 $a"January 2001." 517 $aGuidance for industry 606 $aElectronic records 606 $aAdvertising$xDrugs$xGovernment policy$zUnited States 606 $aDrugs$xLabeling$xGovernment policy$zUnited States 615 0$aElectronic records. 615 0$aAdvertising$xDrugs$xGovernment policy 615 0$aDrugs$xLabeling$xGovernment policy 712 02$aCenter for Drug Evaluation and Research (U.S.) 712 02$aCenter for Biologics Evaluation and Research (U.S.) 801 0$bGPO 801 1$bGPO 801 2$bGPO 906 $aBOOK 912 $a9910699292803321 996 $aGuidance for industry$93434577 997 $aUNINA LEADER 01677nam0 2200373 i 450 001 LO10436483 005 20231121125519.0 020 $aIT$b98-185 100 $a19971112d1997 ||||0itac50 ba 101 | $aita 102 $ait 181 1$6z01$ai $bxxxe 182 1$6z01$an 200 1 $aDal Gargano alla Toscana$eil monachesimo riformato latino dei pulsanesi, secoli 12.-14.$fFrancesco Panarelli 210 $aRoma$cnella sede dell'Istituto$d1997 215 $aIX, 321 p.$d26 cm 225 | $aNuovi studi storici$fIstituto storico italiano per il Medioevo$v38 300 $aSegue: Appendici. 410 0$1001CFI0099725$12001 $aNuovi studi storici$fIstituto storico italiano per il Medioevo$v38$171202$aIstituto storico italiano per il Medio Evo$3CFIV017158 606 $aBenedettini$xPulsano$xSec. 12-14.$2FIR$3RMLC379927$9I 606 $aMonastero S.Maria di Pulsano$2FIR$3RMLC379928$9I 606 $aMonachesimo$xPulsano$xSec. 12.-14.$2FIR$3RMLC091606$9I 676 $a271.1045755$9$v21 700 1$aPanarelli$b, Francesco$3LO1V154396$4070$039310 801 3$aIT$bIT-01$c19971112 850 $aIT-RM0313 $aIT-RM0151 $aIT-FR0017 899 $aBIBLIOTECA CASANATENSE$bRM0313 899 $aBiblioteca Istituto Storico Italiano Medio Evo - I$bRM0151 899 $aBiblioteca umanistica Giorgio Aprea$bFR0017 $eN 912 $aLO10436483 950 0$aBiblioteca umanistica Giorgio Aprea$d 52MAG 3 Coll O 38$e 52FLS0000242445 VMB RS $fA $h20210222$i20210222 977 $a 07$a 41$a 52 996 $aDal Gargano alla Toscana$9707069 997 $aUNICAS